[Event "BL2-West 2223"]
[Site "Germany"]
[Date "2023.02.26"]
[Round "8.4"]
[White "Lemmers, Oscar"]
[Black "Winterberg, Lukas"]
[Result "1/2-1/2"]
[WhiteElo "2353"]
[BlackElo "2394"]
[PlyCount "60"]
[EventDate "2022.10.22"]
[EventType "team-tourn"]
[EventRounds "10"]
[EventCountry "GER"]
[SourceTitle "EXT 2024"]
[Source "ChessBase"]
[SourceDate "2023.10.10"]
[SourceVersion "1"]
[SourceVersionDate "2023.10.10"]
[SourceQuality "1"]
[WhiteTeam "Aachen SV"]
[BlackTeam "Heimbach Weis/Neuwied"]
[WhiteTeamCountry "GER"]
[BlackTeamCountry "GER"]

1. e4 e6 2. d4 d5 3. Nd2 c5 4. exd5 Qxd5 5. Ngf3 cxd4 6. Bc4 Qd7 7. 0-0 Nc6 8. Nb3 a6 9. a4 Nf6 10. Qe2 Bd6 11. Rd1 e5 12. Nbxd4 Nxd4 13. Rxd4 Qe7 14. Rxd6 Qxd6 15. b3 e4 16. Ba3 Qf4 17. Qe1 Be6 18. Qa5 Rd8 19. Re1 Bxc4 20. bxc4 Rd7 21. Ne5 b6 22. Qxa6 Qxe5 23. Qc8+ Rd8 24. Qc6+ Rd7 25. Qa8+ Rd8 26. Qc6+ Rd7 27. Qc8+ Rd8 28. Qc6+ Rd7 29. Qa8+ Rd8 30. Qc6+ Rd7 1/2-1/2

[Event "BL2-West 2223"]
[Site "Germany"]
[Date "2022.11.26"]
[Round "3.4"]
[White "Omelja, Artem"]
[Black "Lemmers, Oscar"]
[Result "1/2-1/2"]
[WhiteElo "2441"]
[BlackElo "2353"]
[PlyCount "120"]
[EventDate "2022.10.22"]
[EventType "team-tourn"]
[EventRounds "10"]
[EventCountry "GER"]
[SourceTitle "EXT 2024"]
[Source "ChessBase"]
[SourceDate "2023.10.10"]
[SourceVersion "1"]
[SourceVersionDate "2023.10.10"]
[SourceQuality "1"]
[WhiteTeam "Siegburg"]
[BlackTeam "Aachen SV"]
[WhiteTeamCountry "GER"]
[BlackTeamCountry "GER"]

1. Nf3 d5 2. e3 Nf6 3. c4 c6 4. Nc3 g6 5. d4 Bg7 6. Be2 0-0 7. 0-0 Bg4 8. cxd5 cxd5 9. Qb3 b6 10. h3 Bxf3 11. Bxf3 e6 12. Bd2 Nc6 13. Rfd1 Na5 14. Qc2 Nc4 15. Be1 Rc8 16. Rac1 Qd7 17. b3 Nd6 18. Qd3 Qb7 19. Be2 Rfd8 20. Qa6 Qxa6 21. Bxa6 Ra8 22. Ne2 Nfe8 23. Rc6 Bf8 24. Nf4 Nc8 25. Nd3 Bd6 26. Rdc1 Ne7 27. R6c2 Ba3 28. Bb4 Bxb4 29. Nxb4 Kf8 30. g4 g5 31. f3 h6 32. Kf2 Rab8 33. a4 Ra8 34. Kg3 Kg7 35. Nd3 Nd6 36. h4 Kf8 37. hxg5 hxg5 38. Ne5 f6 39. Nd3 Kf7 40. Nb4 Rd7 41. Rh2 Rg8 42. Rh7+ Rg7 43. Rhh1 Rg8 44. Rc2 Kg7 45. Bd3 Rh8 46. Rxh8 Kxh8 47. Nc6 Nxc6 48. Rxc6 Kg7 49. f4 Kf8 50. Kf3 Ke7 51. Ke2 Rd8 52. Rc7+ Rd7 53. Rc1 Rd8 54. Rh1 Rg8 55. Kf3 a5 56. Rh7+ Nf7 57. f5 exf5 58. Bxf5 Rh8 59. e4 Rxh7 60. Bxh7 Nd6 1/2-1/2

[Event "BL2-West 2223"]
[Site "Germany"]
[Date "2022.10.23"]
[Round "2.5"]
[White "Lemmers, Oscar"]
[Black "Stillger, Bernhard"]
[Result "0-1"]
[WhiteElo "2353"]
[BlackElo "2279"]
[PlyCount "96"]
[EventDate "2022.10.22"]
[EventType "team-tourn"]
[EventRounds "10"]
[EventCountry "GER"]
[SourceTitle "EXT 2024"]
[Source "ChessBase"]
[SourceDate "2023.10.10"]
[SourceVersion "1"]
[SourceVersionDate "2023.10.10"]
[SourceQuality "1"]
[WhiteTeam "Aachen SV"]
[BlackTeam "Muelheim Nord II"]
[WhiteTeamCountry "GER"]
[BlackTeamCountry "GER"]

1. e4 e5 2. Nf3 Nf6 3. Nxe5 d6 4. Nf3 Nxe4 5. Nc3 Nxc3 6. dxc3 Be7 7. Be3 0-0 8. Qd2 Nd7 9. 0-0-0 Nf6 10. Kb1 c5 11. c4 b5 12. cxb5 a6 13. a4 axb5 14. axb5 Ne4 15. Qe1 Be6 16. c4 Ra4 17. Nd2 Bf5 18. Nxe4 Bxe4+ 19. Kc1 Bf6 20. f3 Bg6 21. Kd2 Re8 22. Bd3 Bd4 23. Be4 Bxe4 24. Bxd4 Bg6 25. Be3 Rxc4 26. Ke2 Rxe3+ 27. Kxe3 Qg5+ 28. Ke2 Rc2+ 29. Rd2 Qxg2+ 30. Ke3 Rxd2 31. Qxd2 Qxh1 32. Qxd6 Qg1+ 33. Ke2 h6 34. b3 Qg2+ 35. Ke3 Qg1+ 36. Ke2 Qg2+ 37. Ke3 Qc2 38. Qd5 Qc3+ 39. Ke2 Qb2+ 40. Ke3 Qc3+ 41. Ke2 Qb4 42. Qc6 Qd4 43. f4 Qe4+ 44. Qxe4 Bxe4 45. Kd2 Kf8 46. Kc3 Bd5 47. b6 Ke7 48. b7 Bxb7 0-1

[Event "Bundesliga 2122"]
[Site "Germany"]
[Date "2022.07.08"]
[Round "12.3"]
[White "Warmerdam, Max"]
[Black "Lemmers, Oscar"]
[Result "0-1"]
[WhiteElo "2600"]
[BlackElo "2337"]
[PlyCount "80"]
[EventDate "2022.03.05"]
[EventType "team-tourn"]
[EventRounds "15"]
[EventCountry "GER"]
[SourceTitle "CBM 209 Extra"]
[Source "ChessBase"]
[SourceDate "2022.09.30"]
[SourceVersion "1"]
[SourceVersionDate "2022.09.30"]
[SourceQuality "1"]
[WhiteTeam "Solingen"]
[BlackTeam "Aachen"]
[WhiteTeamCountry "GER"]
[BlackTeamCountry "GER"]

1. e4 c5 2. Nf3 e6 3. d4 cxd4 4. Nxd4 a6 5. Bd3 Bc5 6. Nb3 Be7 7. Qg4 g6 8. Qe2 d6 9. Nc3 Nd7 10. a3 Ne5 11. Be3 Nf6 12. 0-0-0 b5 13. Bh6 Nfg4 14. Bg7 Rg8 15. Bxe5 Nxe5 16. f4 Nxd3+ 17. Rxd3 Qc7 18. Rf1 Bb7 19. g3 Bf6 20. f5 Be5 21. fxe6 fxe6 22. Qg4 Qe7 23. Na5 h5 24. Qh3 Bxc3 25. Rxc3 Bxe4 26. Rc7 Qxc7 27. Qxe6+ Qe7 28. Qxg8+ Kd7 29. Qb3 Bf5 30. Nc4 Qe2 31. Nd2 Rc8 32. Qf7+ Kd8 33. c3 Qd3 34. Qb3 Rc5 35. Rd1 a5 36. Re1 Rd5 37. Qd1 b4 38. axb4 axb4 39. c4 Ra5 40. Nb3 Qxc4+ 0-1

[Event "Bundesliga 2122"]
[Site "Germany"]
[Date "2022.05.29"]
[Round "10.6"]
[White "Jakubowski, Krzysztof"]
[Black "Lemmers, Oscar"]
[Result "1/2-1/2"]
[WhiteElo "2475"]
[BlackElo "2337"]
[PlyCount "62"]
[EventDate "2022.03.05"]
[EventType "team-tourn"]
[EventRounds "15"]
[EventCountry "GER"]
[SourceTitle "EXT 2023"]
[Source "ChessBase"]
[SourceDate "2022.10.05"]
[SourceVersion "1"]
[SourceVersionDate "2022.10.05"]
[SourceQuality "1"]
[WhiteTeam "Berlin SF"]
[BlackTeam "Aachen"]
[WhiteTeamCountry "GER"]
[BlackTeamCountry "GER"]

1. e4 c5 2. Nc3 e6 3. Nge2 a6 4. g3 b5 5. Bg2 Bb7 6. 0-0 d6 7. d4 cxd4 8. Nxd4 Nd7 9. Re1 Qc7 10. a4 bxa4 11. Rxa4 Be7 12. Nb3 Rb8 13. Qe2 Ngf6 14. Na5 Nc5 15. Ra2 Ba8 16. e5 dxe5 17. Bxa8 Rxa8 18. Qxe5 Bd6 19. Qe2 0-0 20. Nc4 Be7 21. Bf4 Qb7 22. Na5 Qb6 23. Qf3 Rfc8 24. Nc4 Qb4 25. Ne5 Qb6 26. Rd1 h6 27. h4 Qb7 28. Kg2 Nfe4 29. Nxe4 Qxe4 30. Qxe4 Nxe4 31. c3 g5 1/2-1/2

[Event "NED-chT 2122"]
[Site "Netherlands"]
[Date "2021.11.27"]
[Round "4.9"]
[White "Lemmers, Oscar"]
[Black "Meurs, Tom WA"]
[Result "1/2-1/2"]
[WhiteElo "2346"]
[BlackElo "2208"]
[PlyCount "47"]
[EventDate "2021.09.18"]
[EventType "team-tourn"]
[EventRounds "9"]
[EventCountry "NED"]
[SourceTitle "EXT 2023"]
[Source "ChessBase"]
[SourceDate "2022.10.05"]
[SourceVersion "1"]
[SourceVersionDate "2022.10.05"]
[SourceQuality "1"]
[WhiteTeam "Zuid Limburg"]
[BlackTeam "Apeldoorn Amevo"]
[WhiteTeamCountry "NED"]
[BlackTeamCountry "NED"]

1. e4 e5 2. Nc3 Nf6 3. Nf3 Nc6 4. Bb5 Nd4 5. Ba4 Nxf3+ 6. Qxf3 Bc5 7. 0-0 0-0 8. d3 c6 9. Bb3 a5 10. Be3 Bd4 11. a4 d6 12. h3 Be6 13. Ra3 Nd7 14. Bxd4 exd4 15. Ne2 Bxb3 16. Rxb3 Nc5 17. Ra3 Qb6 18. Ra2 Qb4 19. Rfa1 Ne6 20. Ng3 Qc5 21. Qe2 g6 22. Qd2 Qe5 23. Rf1 Nf4 24. Ne2 1/2-1/2

[Event "Bundesliga 1920 final"]
[Site "Karlsruhe"]
[Date "2020.09.19"]
[Round "6.6"]
[White "Bacrot, Etienne"]
[Black "Lemmers, Oscar"]
[Result "1-0"]
[WhiteElo "2673"]
[BlackElo "2348"]
[PlyCount "61"]
[EventDate "2020.09.16"]
[EventType "team-tourn"]
[EventRounds "7"]
[EventCountry "GER"]
[SourceTitle "CBM 198 Extra"]
[Source "ChessBase"]
[SourceDate "2020.11.30"]
[SourceVersion "1"]
[SourceVersionDate "2020.11.30"]
[SourceQuality "1"]
[WhiteTeam "Baden-Baden"]
[BlackTeam "Aachen"]
[WhiteTeamCountry "GER"]
[BlackTeamCountry "GER"]

1. e4 c5 2. Nf3 e6 3. d4 cxd4 4. Nxd4 a6 5. c4 Nf6 6. Nc3 Qc7 7. Be2 b6 8. 0-0 Bb7 9. Qd3 d6 10. f4 Nbd7 11. b4 d5 12. exd5 Bxb4 13. dxe6 Nc5 14. exf7+ Kxf7 15. Qh3 Bxc3 16. Qxc3 Rhe8 17. Be3 Qe7 18. Nf5 Qe6 19. Bg4 Nce4 20. Qb2 Qc6 21. Bf3 Qd7 22. g4 Kg8 23. Rad1 Qf7 24. Bd4 h5 25. Bxf6 hxg4 26. Bxe4 Bxe4 27. Nd6 Qh5 28. Nxe4 Rxe4 29. Rd7 gxf6 30. Qxf6 Qc5+ 31. Kh1 1-0

[Event "Bundesliga 1920 final"]
[Site "Karlsruhe"]
[Date "2020.09.18"]
[Round "4.5"]
[White "Lemmers, Oscar"]
[Black "Lagarde, Maxime"]
[Result "0-1"]
[WhiteElo "2348"]
[BlackElo "2657"]
[PlyCount "98"]
[EventDate "2020.09.16"]
[EventType "team-tourn"]
[EventRounds "7"]
[EventCountry "GER"]
[SourceTitle "CBM 198 Extra"]
[Source "ChessBase"]
[SourceDate "2020.11.30"]
[SourceVersion "1"]
[SourceVersionDate "2020.11.30"]
[SourceQuality "1"]
[WhiteTeam "Aachen"]
[BlackTeam "Deizisau"]
[WhiteTeamCountry "GER"]
[BlackTeamCountry "GER"]

1. e4 c5 2. c3 d5 3. exd5 Nf6 4. d4 Nxd5 5. Nf3 cxd4 6. cxd4 g6 7. Nc3 Nxc3 8. bxc3 Qc7 9. Bd2 Bg7 10. Bd3 0-0 11. 0-0 Nc6 12. d5 Rd8 13. c4 Bg4 14. Rc1 Ne5 15. Be2 Bxf3 16. Bxf3 Nd3 17. Rc2 Nc5 18. Qe2 e5 19. dxe6 Nxe6 20. Be3 Re8 21. Qd3 Rad8 22. Qb3 b6 23. Bd5 Nd4 24. Bxd4 Bxd4 25. Qd3 Qe5 26. Rd1 Bc5 27. g3 Kg7 28. Rdd2 Qa1+ 29. Rd1 Qe5 30. Rdd2 Rd6 31. Kg2 Red8 32. Re2 Qa1 33. Qc3+ Qxc3 34. Rxc3 b5 35. a3 a5 36. Rb3 Rb6 37. f4 a4 38. Rf3 f5 39. h3 h5 40. g4 hxg4 41. hxg4 fxg4 42. Rg3 bxc4 43. Bxc4 Rd4 44. Be6 Rxf4 45. Bxg4 Bxa3 46. Ra2 Bb2 47. Bd7 a3 48. Rgxa3 Bxa3 49. Rxa3 Rfb4 0-1

[Event "EU-Cup 35th"]
[Site "Ulcinj"]
[Date "2019.11.14"]
[Round "5.4"]
[White "Lemmers, Oscar"]
[Black "Bartel, Mateusz"]
[Result "1/2-1/2"]
[WhiteElo "2346"]
[BlackElo "2636"]
[PlyCount "64"]
[EventDate "2019.11.10"]
[EventType "team-swiss"]
[EventRounds "7"]
[EventCountry "MNE"]
[SourceTitle "CBM 193 Extra"]
[Source "ChessBase"]
[SourceDate "2020.01.31"]
[SourceVersion "1"]
[SourceVersionDate "2020.01.31"]
[SourceQuality "1"]
[WhiteTeam "Gent"]
[BlackTeam "Novy Bor"]
[WhiteTeamCountry "BEL"]
[BlackTeamCountry "CZE"]

1. e4 d6 2. d4 Nf6 3. Nc3 g6 4. Nf3 Bg7 5. Be3 Nc6 6. d5 Nb8 7. h3 c6 8. Be2 0-0 9. 0-0 cxd5 10. exd5 b6 11. Bc4 Bb7 12. a4 Nbd7 13. Qe2 Rc8 14. Rad1 Qc7 15. b3 Qb8 16. Rd2 Qa8 17. Rfd1 a6 18. Bd4 Rfe8 19. Ne4 Nxe4 20. Qxe4 e5 21. Ba1 Nc5 22. Qh4 Rc7 23. Ng5 h6 24. Ne4 Nxe4 25. Qxe4 f5 26. Qe3 Rc5 27. Bf1 Qd8 28. b4 Rc8 29. Bb2 Kh7 30. c4 h5 31. Rc2 Bh6 32. Qb3 Rc7 1/2-1/2

[Event "BEL-chT 1819"]
[Site "Belgium"]
[Date "2019.02.10"]
[Round "7.6"]
[White "Lemmers, Oscar"]
[Black "Zwirs, Nico"]
[Result "1/2-1/2"]
[WhiteElo "2328"]
[BlackElo "2407"]
[PlyCount "27"]
[EventDate "2018.09.30"]
[EventType "team-tourn"]
[EventRounds "11"]
[EventCountry "BEL"]
[SourceTitle "CBM 189 Extra"]
[Source "ChessBase"]
[SourceDate "2019.06.03"]
[SourceVersion "1"]
[SourceVersionDate "2019.06.03"]
[SourceQuality "1"]
[WhiteTeam "KGSRL"]
[BlackTeam "Echiquier Mosan"]
[WhiteTeamCountry "BEL"]
[BlackTeamCountry "BEL"]

1. e4 c6 2. d4 d5 3. exd5 cxd5 4. c4 Nf6 5. Nc3 g6 6. Qb3 Bg7 7. cxd5 0-0 8. Nge2 a5 9. a4 e6 10. g3 Nxd5 11. Bg2 Nc6 12. 0-0 Nxd4 13. Nxd4 Bxd4 14. Nxd5 1/2-1/2

[Event "BL2-West 1819"]
[Site "Germany"]
[Date "2019.02.03"]
[Round "6.3"]
[White "Lemmers, Oscar"]
[Black "Buscher, Michael"]
[Result "1/2-1/2"]
[WhiteElo "2334"]
[BlackElo "2386"]
[PlyCount "41"]
[EventDate "2018.11.21"]
[EventType "team-tourn"]
[EventRounds "9"]
[EventCountry "GER"]
[SourceTitle "CBM 190 Extra"]
[Source "ChessBase"]
[SourceDate "2019.07.15"]
[SourceVersion "1"]
[SourceVersionDate "2019.07.15"]
[SourceQuality "1"]
[WhiteTeam "Aachen SV"]
[BlackTeam "Aachen DJK II"]
[WhiteTeamCountry "GER"]
[BlackTeamCountry "GER"]

1. e4 c5 2. c3 d5 3. exd5 Qxd5 4. Nf3 Nc6 5. d4 e5 6. Nxe5 Nxe5 7. dxe5 Qxe5+ 8. Be2 Bd7 9. 0-0 0-0-0 10. Bf3 Bc6 11. Nd2 Bd6 12. g3 Bxf3 13. Qxf3 Nf6 14. Nc4 Qd5 15. Qe2 Bc7 16. Be3 Qe6 17. Rfe1 Rhe8 18. Qf1 Qf5 19. b4 cxb4 20. cxb4 Kb8 21. b5 1/2-1/2

[Event "EU-Cup 34th"]
[Site "Porto Carras"]
[Date "2018.10.18"]
[Round "7.5"]
[White "Gunnarsson, Arnar"]
[Black "Lemmers, Oscar"]
[Result "1/2-1/2"]
[WhiteElo "2428"]
[BlackElo "2327"]
[PlyCount "70"]
[EventDate "2018.10.12"]
[EventType "team-swiss"]
[EventRounds "7"]
[EventCountry "GRE"]
[SourceTitle "CBM 187"]
[Source "ChessBase"]
[SourceDate "2018.12.11"]
[SourceVersion "1"]
[SourceVersionDate "2018.12.11"]
[SourceQuality "1"]
[WhiteTeam "Reykjavik"]
[BlackTeam "KGSRL"]
[WhiteTeamCountry "ISL"]
[BlackTeamCountry "BEL"]

1. c4 e5 2. Nc3 Nf6 3. Nf3 Nc6 4. d3 Bb4 5. Bd2 0-0 6. g3 Re8 7. Nd5 Bxd2+ 8. Nxd2 d6 9. Bg2 Nxd5 10. cxd5 Ne7 11. Qa4 Bd7 12. Qb4 Qb8 13. Nc4 b6 14. Rc1 a5 15. Qc3 Qb7 16. Ne3 Rac8 17. 0-0 c6 18. Qb3 cxd5 19. Nxd5 Nxd5 20. Bxd5 Bc6 21. Bxc6 Rxc6 22. Rc3 Rec8 23. Qd5 Qd7 24. Rfc1 Rxc3 25. Rxc3 Rxc3 26. bxc3 g6 27. c4 Kg7 28. d4 f6 29. c5 bxc5 30. dxc5 Qb5 31. Qxd6 Qb1+ 32. Kg2 Qe4+ 33. Kg1 Qb1+ 34. Kg2 Qe4+ 35. Kg1 Qb1+ 1/2-1/2

[Event "EU-Cup 34th"]
[Site "Porto Carras"]
[Date "2018.10.17"]
[Round "6.5"]
[White "Lemmers, Oscar"]
[Black "In't Veld, Daan"]
[Result "1-0"]
[WhiteElo "2327"]
[BlackElo "2194"]
[PlyCount "55"]
[EventDate "2018.10.12"]
[EventType "team-swiss"]
[EventRounds "7"]
[EventCountry "GRE"]
[SourceTitle "CBM 187"]
[Source "ChessBase"]
[SourceDate "2018.12.11"]
[SourceVersion "1"]
[SourceVersionDate "2018.12.11"]
[SourceQuality "1"]
[WhiteTeam "KGSRL"]
[BlackTeam "Deloitte"]
[WhiteTeamCountry "BEL"]
[BlackTeamCountry "NED"]

1. e4 c5 2. Nf3 e6 3. c3 Nf6 4. e5 Nd5 5. d4 cxd4 6. cxd4 d6 7. Bc4 Nc6 8. 0-0 Be7 9. Re1 0-0 10. exd6 Qxd6 11. Nc3 a6 12. Ne4 Qb4 13. Bb3 Rd8 14. Bd2 Qb6 15. Nc3 Nf6 16. Be3 Qa5 17. Qe2 Bd7 18. Rad1 Nb4 19. Ne5 Nbd5 20. Bg5 Bb5 21. Qf3 Bc6 22. Qh3 Qc7 23. Nxf7 Kxf7 24. Qxe6+ Kg6 25. Bxf6 gxf6 26. Bxd5 Bb4 27. Qg4+ Kh6 28. Re3 1-0

[Event "EU-Cup 34th"]
[Site "Porto Carras"]
[Date "2018.10.14"]
[Round "3.5"]
[White "Alekseenko, Kirill"]
[Black "Lemmers, Oscar"]
[Result "1/2-1/2"]
[WhiteElo "2639"]
[BlackElo "2327"]
[PlyCount "97"]
[EventDate "2018.10.12"]
[EventType "team-swiss"]
[EventRounds "7"]
[EventCountry "GRE"]
[SourceTitle "CBM 187"]
[Source "ChessBase"]
[SourceDate "2018.12.11"]
[SourceVersion "1"]
[SourceVersionDate "2018.12.11"]
[SourceQuality "1"]
[WhiteTeam "St Petersburg Bronze Horseman"]
[BlackTeam "KGSRL"]
[WhiteTeamCountry "RUS"]
[BlackTeamCountry "BEL"]

1. d4 d5 2. c4 c6 3. Nf3 Nf6 4. Nc3 dxc4 5. a4 Bf5 6. Ne5 Nbd7 7. Nxc4 Nb6 8. Ne5 a5 9. h4 e6 10. f3 h6 11. e4 Bh7 12. Be3 Nfd7 13. Nd3 Be7 14. Bf2 0-0 15. g4 Qc7 16. g5 h5 17. Qb3 c5 18. Nb5 Qc6 19. dxc5 Nxc5 20. Nxc5 Bxc5 21. Bd3 Bxf2+ 22. Kxf2 Nd7 23. Be2 Nc5 24. Qe3 b6 25. Rhd1 Rad8 26. Rxd8 Rxd8 27. Qf4 Bg6 28. Nc3 Kh7 29. Bb5 Nd3+ 30. Bxd3 Rxd3 31. Re1 Qc5+ 32. Kg2 Qd4 33. Re2 f6 34. gxf6 Qxf6 35. Kg3 Qd4 36. Rg2 Qf6 37. Qxf6 gxf6 38. e5 fxe5 39. Re2 e4 40. Nxe4 Bxe4 41. Rxe4 Rb3 42. Rxe6 Rxb2 43. Kf4 Rb3 44. Rf6 Rb4+ 45. Kg5 Rxa4 46. Rxb6 Rb4 47. Ra6 Rb5+ 48. Kf6 Rb4 49. Rxa5 1/2-1/2

[Event "BEL-chT 1718"]
[Site "Belgium"]
[Date "2017.10.22"]
[Round "3.6"]
[White "Real, Thibault"]
[Black "Lemmers, Oscar"]
[Result "0-1"]
[WhiteElo "2218"]
[BlackElo "2346"]
[PlyCount "74"]
[EventDate "2017.09.24"]
[EventType "team-tourn"]
[EventRounds "11"]
[EventCountry "BEL"]
[SourceTitle "EXT 2019"]
[Source "ChessBase"]
[SourceDate "2018.10.10"]
[SourceVersion "1"]
[SourceVersionDate "2018.10.10"]
[SourceQuality "1"]
[WhiteTeam "Charleroi CREC"]
[BlackTeam "KGSRL"]
[WhiteTeamCountry "BEL"]
[BlackTeamCountry "BEL"]

1. d4 c5 2. d5 Nf6 3. Nc3 g6 4. e4 d6 5. h3 Bg7 6. Nf3 0-0 7. Be2 b5 8. Nxb5 Nxe4 9. 0-0 a6 10. Na3 e6 11. Re1 e5 12. Nc4 Bb7 13. Bf1 Nf6 14. Bg5 h6 15. Bxf6 Bxf6 16. a4 Qc7 17. Ra3 Nd7 18. Rb3 Rab8 19. g4 Bg7 20. Bg2 Ba8 21. Rxb8 Qxb8 22. a5 e4 23. Nfd2 Bxd5 24. Bxe4 Be6 25. Bc6 Ne5 26. Nxe5 Bxe5 27. b3 Qc7 28. Qf3 Qxa5 29. Rd1 Qb4 30. Ne4 f5 31. Nxd6 fxg4 32. Qd3 Qf4 33. Qxg6+ Kh8 34. Ne4 Bf5 35. Qh5 Bxe4 36. Bxe4 Qh2+ 37. Kf1 Qxf2# 0-1